[Event "Warsaw Najdorf Memorial op-B"]
[Site "Warsaw"]
[Date "2021.07.13"]
[Round "4"]
[White "Wieckowski, Michal"]
[Black "Jazdzyk, Jakub"]
[Result "1-0"]
[WhiteElo "1614"]
[BlackElo "1437"]
[PlyCount "67"]
[EventDate "2021.07.10"]
[EventType "swiss"]
[EventRounds "9"]
[EventCountry "POL"]
[SourceTitle "EXT 2022"]
[Source "ChessBase"]
[SourceDate "2021.10.06"]
[SourceVersion "1"]
[SourceVersionDate "2021.10.06"]
[SourceQuality "1"]

1. e4 e5 2. Bc4 Nf6 3. Qf3 Nc6 4. Ne2 Bc5 5. d3 d6 6. h3 Be6 7. Bg5 h6 8. Bxf6 gxf6 9. c3 Bxc4 10. dxc4 Qe7 11. Nd2 a5 12. Ng3 Qe6 13. Nh5 Ke7 14. Ng7 Qd7 15. Nf5+ Ke8 16. Nf1 Ne7 17. N1g3 Nxf5 18. Nxf5 Rb8 19. a4 c6 20. 0-0 Kd8 21. Rfd1 Kc7 22. Nxd6 Bxd6 23. c5 Qe6 24. Rxd6 Qc4 25. Rxf6 Qxc5 26. Rxf7+ Kb6 27. b4 axb4 28. Rb1 Rhf8 29. Rxb4+ Ka5 30. Rbxb7 Rxb7 31. Rxf8 Rb1+ 32. Kh2 Rc1 33. Ra8+ Kb6 34. Qf7 1-0

[Event "Warsaw Najdorf Memorial op-B"]
[Site "Warsaw"]
[Date "2021.07.12"]
[Round "3"]
[White "Dropia, Rafal"]
[Black "Jazdzyk, Jakub"]
[Result "0-1"]
[WhiteElo "1634"]
[BlackElo "1437"]
[PlyCount "80"]
[EventDate "2021.07.10"]
[EventType "swiss"]
[EventRounds "9"]
[EventCountry "POL"]
[SourceTitle "EXT 2022"]
[Source "ChessBase"]
[SourceDate "2021.10.06"]
[SourceVersion "1"]
[SourceVersionDate "2021.10.06"]
[SourceQuality "1"]

1. d4 Nf6 2. Bf4 d6 3. Nf3 g6 4. Nc3 Bg7 5. e4 Bg4 6. h3 Bxf3 7. Qxf3 Nbd7 8. 0-0-0 c6 9. e5 Nh5 10. Bh2 d5 11. Kb1 Bf8 12. Bd3 e6 13. g4 Ng7 14. Ne2 b5 15. Qe3 Nb6 16. f4 Nc4 17. Qc1 a5 18. Bxc4 bxc4 19. c3 a4 20. a3 Qb6 21. Ka1 h5 22. Bg3 Be7 23. Bf2 Kd7 24. Qc2 Qb3 25. Qxb3 axb3 26. Kb1 Bxa3 27. bxa3 Rxa3 28. Nc1 Rha8 29. Be3 Ra1+ 30. Kb2 Ke7 31. Rdf1 Ne8 32. gxh5 Nc7 33. Rhg1 Nb5 34. Bd2 gxh5 35. h4 R8a4 36. Rd1 Ra5 37. Rde1 R5a4 38. Rd1 Ra5 39. Rg5 R5a2+ 40. Nxa2 Rxd1 0-1

[Event "Warsaw Najdorf Memorial op-B"]
[Site "Warsaw"]
[Date "2021.07.11"]
[Round "2"]
[White "Jazdzyk, Jakub"]
[Black "Michalowski, Patryk"]
[Result "1-0"]
[WhiteElo "1437"]
[BlackElo "1770"]
[PlyCount "109"]
[EventDate "2021.07.10"]
[EventType "swiss"]
[EventRounds "9"]
[EventCountry "POL"]
[SourceTitle "EXT 2022"]
[Source "ChessBase"]
[SourceDate "2021.10.06"]
[SourceVersion "1"]
[SourceVersionDate "2021.10.06"]
[SourceQuality "1"]

1. c4 e5 2. Nc3 Nf6 3. g3 d5 4. cxd5 Nxd5 5. Bg2 Nb6 6. Nf3 Nc6 7. 0-0 Be7 8. d3 0-0 9. Be3 Be6 10. Ne4 Nd5 11. Nc5 Bc8 12. Rc1 Nxe3 13. fxe3 Bxc5 14. Rxc5 Qd6 15. Qc2 Bg4 16. Ng5 Qh6 17. h4 f6 18. Qc4+ Kh8 19. Qxg4 fxg5 20. hxg5 Rxf1+ 21. Kxf1 Rf8+ 22. Kg1 Qd6 23. Rd5 Qg6 24. Be4 Qf7 25. Bf3 Qe7 26. Rd7 Qc5 27. Kf2 e4 28. Qxe4 Qxg5 29. Rf7 Qd8 30. Qf4 Rxf7 31. Qxf7 Ne5 32. Qd5 Ng4+ 33. Ke1 Qxd5 34. Bxd5 c6 35. Be6 Nxe3 36. a4 g5 37. g4 Kg7 38. Kd2 Ng2 39. Bc8 b6 40. Bb7 Kf6 41. Bxc6 Nf4 42. e3 Ng6 43. d4 Ke6 44. Be4 Ne7 45. Bxh7 Kd6 46. b4 Nd5 47. b5 Nc7 48. e4 a6 49. bxa6 Nxa6 50. Kc3 Nc7 51. Bg8 Ne8 52. Kc4 Kc7 53. e5 Ng7 54. d5 Ne8 55. Kb5 1-0

[Event "Warsaw YMCA Winter-D 212th"]
[Site "Warsaw"]
[Date "2019.03.06"]
[Round "7"]
[White "Szopa, Andrzej1111"]
[Black "Jazdzyk, Jakub"]
[Result "0-1"]
[WhiteElo "1026"]
[BlackElo "1120"]
[PlyCount "48"]
[EventDate "2019.01.08"]
[EventType "tourn"]
[EventRounds "13"]
[EventCountry "POL"]
[SourceTitle "EXT 2021"]
[Source "ChessBase"]
[SourceDate "2020.10.23"]
[SourceVersion "1"]
[SourceVersionDate "2020.10.23"]
[SourceQuality "1"]

1. e4 e5 2. Nf3 Nc6 3. d3 Bc5 4. g3 d6 5. Bg2 Bg4 6. 0-0 Nf6 7. Re1 h6 8. c3 Qd7 9. b4 Bb6 10. Nbd2 0-0 11. Nc4 Ne7 12. a4 c6 13. Nxb6 axb6 14. Be3 c5 15. b5 Ng6 16. Qb3 Bh3 17. d4 Bxg2 18. Kxg2 Rfe8 19. dxe5 Nxe5 20. Bf4 Nd3 21. Re2 Nxf4+ 22. Kf1 Nxe2 23. Kxe2 Rxe4+ 24. Kd3 c4+ 0-1